| 000 | 00364nam a2200145Ia 4500 | ||
|---|---|---|---|
| 008 | 150201s2003 xx 000 0 und d | ||
| 082 |
_a610.734 _bP03B |
||
| 100 | _aBRYAR, ROSAMUND M. | ||
| 245 | _aPRACTICE DEVELOPMENT IN COMMUNITY NURSING | ||
| 250 | _a1ST | ||
| 260 |
_bARNOLD _aLONDON _c2003 |
||
| 300 | _a256 | ||
| 650 | _aCOMMUNITy NURSING | ||
| 942 |
_2ddc _cBK |
||
| 999 |
_c2371 _d2371 |
||